Wird geladen...

Public speeches in anceint and medieval India /

Bibliographische Detailangaben
1. Verfasser: De, S. C.
Format: Printed Book
Sprache:English
Veröffentlicht: Delhi : Ajanta, 1976.
LEADER 00387nam a2200121Ia 4500
008 150624b xxu||||| |||| 00| 0 eng d
100 |a De, S. C. 
245 |a Public speeches in anceint and medieval India /  |c S. C. De 
260 |a Delhi :  |b Ajanta,  |c 1976. 
300 |a 114 p. 
942 |c BK 
999 |c 24551  |d 24551 
952 |0 0  |1 0  |4 0  |7 0  |9 24550  |a UL  |b UL  |c ST2  |d 1998-08-27  |l 0  |p 35662  |r 2012-10-27  |w 2012-10-27  |y BK